000 00751nmc a2200277 a 4500
003 AR-BaBNM
005 20251128204504.0
008 255019s1968 ||||||||||||||000 | spa||
040 _cAR-BaBNM
100 1 _aNohl, Hermann
245 1 0 _aTeoría de la educación
250 _a5ª ed.
260 _aBuenos Aires
_bLosada
_c1968
300 _a167 p.
490 0 _aBiblioteca del maestro
650 4 _aTEORIAS DE LA EDUCACION
650 4 _aHISTORIA DE LA EDUCACION
650 4 _aFINALIDADES DE LA EDUCACION
650 4 _aFILOSOFIA DE LA EDUCACION
650 4 _aPSICOLOGIA DE LA EDUCACION
650 4 _aPEDAGOGIA
700 1 _aLuzuriaga, Lorenzo
_etraductor
800 1 _aLuuzuriaga, Lorenzo
_efundador
942 _cBK
998 _cCarmen
999 _c7615
_d7615